Most Popular Songs By Imagine Dragons - Statistics

General Stats
  • This quiz has been taken 261 times
  • The average score is 7 of 10
Answer Stats
Highest Placement Song % Correct
#1 Believer
96%
#1 Radioactive
93%
#1 Thunder
92%
#3 Demons
85%
#1 Natural
77%
#4 It's Time
70%
#3 Whatever It Takes
69%
#6 Bad Liar
67%
#9 I Bet My Life
43%
#10 Next To Me
25%
No matching quizzes found
Score Distribution
Percent of People with Each Score
Percentile by Number Answered
Your Score History
You have not taken this quiz